Finalitat pedagògica del Consultori Pianístic Molinari : incorporat al Departament de Cultura de la Generalitat de Catalunya per decret del 3 d'agost del 1937 / incorporat al Departament de Cultura de la Generalitat de Catalunya per decret del 3 d'agost del 1937 /
MARC
| LEADER | 00000nam a2200000Ia 4500 | ||
|---|---|---|---|
| 001 | 19366, 28277 | ||
| 003 | AGDB | ||
| 005 | 20260410113703.0 | ||
| 008 | 160829s1937 xx 000 0 cat d | ||
| 040 | |a agdb |b cat | ||
| 080 | |a Q-279, exp. 50 | ||
| 100 | |a Consultori Pianístic Molinari |9 47384 | ||
| 245 | |a Finalitat pedagògica del Consultori Pianístic Molinari : |b incorporat al Departament de Cultura de la Generalitat de Catalunya per decret del 3 d'agost del 1937 / |c Consultori Pianístic Molinari ; director: Joan Molinari | ||
| 260 | |a Barcelona : |b Generalitat de Catalunya. Institut Psicotècnic ; |c 1937 | ||
| 300 | |a [8] p. ; |b il. ; |c 21 cm | ||
| 590 | |a A la portada: El Consultori Pianístic Molinari ha estat creat 'per a indagar els graus d'aptitud dels estudiants de piano i per a servir de laboratori a mestres i deixebles per tal de corregir aquelles deficiències de l'organisme humà que obstaculitzin la realització dels estudis pianístics i també per a donar lloc a descobrir qualitats dels ben dotats, moltes vegades recòndites i difícilment descobribles'. | ||
| 590 | |a Hi ha un exemplar en francès amb R. 22412. | ||
| 590 | |a Hi ha dos exemplars més a 3754, exp. 5. | ||
| 650 | |a Piano |x Ensenyament |9 47385 | ||
| 650 | |a Consultori Pianístic Molinari |9 47384 | ||
| 700 | |a Molinari, Joan, dir. |9 47386 | ||
| 710 | 1 | |a Catalunya. |b Generalitat |9 12125 | |
| 710 | 2 | |a Institut Psicotècnic de Barcelona |9 54312 | |
| 856 | 4 | |u https://media.diba.cat/diba/fitxers/arxiu/fulletons/bib_28277.pdf |y Accés lliure | |
| 856 | 4 | |u https://media.diba.cat/diba/fitxers/arxiu/fulletons/bib_28277.pdf |y Accés lliure | |
| 856 | 4 | 0 | |u https://www.diba.cat/documents/94831/401503169/bib_28277.pdf/108f7f6a-a04c-029d-43bd-51031457f78a?t=1702289129169 |z Accés lliure |
| 900 | |a bib_28277.pdf | ||
| 901 | |a Arxiu | ||
| 942 | |n 1 |2 udc |c ARXIU | ||
| 952 | |0 0 |1 0 |4 0 |6 Q279_EXP_50 |7 1 |9 54522 |a Arxiu |b Arxiu |d 2016-12-01 |l 0 |o Q-279, exp. 50 |p 19366 |r 2016-12-01 00:00:00 |w 2016-12-01 |y ARXIU | ||
| 952 | |0 0 |1 0 |4 0 |6 3754_EXP5 |7 1 |9 96263 |a Arxiu |b Arxiu |d 2023-09-26 |o 3754 exp.5 |p 28277 |r 2023-09-26 00:00:00 |w 2023-09-26 |y ARXIU | ||
| 999 | |c 58391 |d 58391 | ||